000 00287nam a22001337a 4500
008 170915b xxu||||| |||| 00| 0 eng d
020 _a9780131584297
041 _aeng
080 _a7
100 _a44
101 _aART
245 _aHISTORY OF ART
_cJANSON.H.W
942 _2udc
_cBK
999 _c27779
_d27779